[Event "Turkish Club Cup 2019"]
[Site "Konya"]
[Date "2019.07.17"]
[Round "2"]
[White "Ozoglu, Berker"]
[Black "Yenicirak, Gokdeniz Ege"]
[Result "1-0"]
[WhiteElo "1854"]
[BlackElo "1636"]
[Annotator "NA"]
[PlyCount "83"]
[EventDate "2019.07.16"]
[EventType "team-tourn"]
[EventCountry "TUR"]
[SourceTitle "playchess.com"]
[Source "ChessBase"]
[SourceQuality "1"]
[TimeControl "5400+30"]

1. e4 {[%emt 0:00:30]} c5 {[%emt 0:00:30]} 2. Nc3 {[%emt 0:00:30]} d6 {[%emt 0:00:30]} 3. g3 {[%emt 0:00:30]} Nf6 {[%emt 0:00:30]} 4. Bg2 {[%emt 0:00:30]} e6 {[%emt 0:00:00]} 5. d3 {[%emt 0:00:00]} Nc6 {[%emt 0:00:00]} 6. Nge2 {[%emt 0:00:00]} Rb8 {[%emt 0:01:30]} 7. a4 {[%emt 0:01:30]} a6 {[%emt 0:01:30]} 8. f4 {[%emt 0:00:00]} Be7 {[%emt 0:07:30]} 9. O-O {[%emt 0:00:00]} d5 {[%emt 0:05:30]} 10. e5 {[%emt 0:09:30]} Nd7 {[%emt 0:00:30]} 11. Kh1 {[%emt 0:00:30]} b5 {[%emt 0:10:30]} 12. axb5 {[%emt 0:00:30]} axb5 {[%emt 0:00:30]} 13. Ng1 {[%emt 0:00:30]} b4 {[%emt 0:17:30]} 14. Nce2 {[%emt 0:04:30]} Bb7 {[%emt 0:02:30]} 15. c3 {[%emt 0:04:30]} d4 {[%emt 0:09:30]} 16. c4 {[%emt 0:03:30]} Qc7 {[%emt 0:12:30]} 17. g4 {[%emt 0:02:30]} Na5 {[%emt 0:11:29]} 18. Nf3 {[%emt 0:00:30]} h5 {[%emt 0:02:54]} 19. gxh5 {[%emt 0:00:30]} Rxh5 {[%emt 0:00:30]} 20. Ng3 {[%emt 0:00:30]} Rh8 {[%emt 0:00:30]} 21. Qe2 {[%emt 0:00:30]} Nb3 {[%emt 0:00:30]} 22. Rb1 {[%emt 0:00:30]} Nxc1 {[%emt 0:00:30]} 23. Rbxc1 {[%emt 0:00:30]} Bh4 {[%emt 0:11:48]} 24. Ne4 {[%emt 0:07:30]} Bxe4 {[%emt 0:00:30]} 25. Qxe4 {[%emt 0:00:30]} g6 {[%emt 0:01:05]} 26. Kg1 {[%emt 0:03:30]} Be7 {[%emt 0:01:15]} 27. Ra1 {[%emt 0:00:30]} Nb6 {[%emt 0:00:45]} 28. Ra6 {[%emt 0:00:30]} Kd7 {[%emt 0:00:41]} 29. Rfa1 {[%emt 0:00:30]} Nc8 {[%emt 0:00:28]} 30. Nd2 {[%emt 0:01:30]} Rh4 {[%emt 0:00:30]} 31. Rc6 {[%emt 0:00:30]} Qd8 {[%emt 0:00:30]} 32. Rxc5 {[%emt 0:06:30]} Ke8 {[%emt 0:00:01]} 33. Rb5 {[%emt 0:04:30]} Rxb5 {[%emt 0:00:30]} 34. cxb5 {[%emt 0:00:30]} Nb6 {[%emt 0:00:54]} 35. Qc6+ {[%emt 0:07:30]} Kf8 {[%emt 0:00:30]} 36. Ra6 {[%emt 0:00:30]} Kg7 {[%emt 0:00:28]} 37. Qxb6 {[%emt 0:00:30]} Qh8 {[%emt 0:00:29]} 38. Qb7 {[%emt 0:01:30]} Rxf4 {[%emt 0:00:39]} 39. Qxe7 {[%emt 0:03:30]} Qh5 {[%emt 0:00:01]} 40. Nf3 {[%emt 0:01:30]} Rxf3 {[%emt 0:01:21]} 41. Bxf3 {[%emt 0:00:30]} Qxf3 {[%emt 0:00:07]} 42. Qf6+ {[%emt 0:02:30]} 1-0

[Event "Turkish Club Cup 2019"]
[Site "Konya"]
[Date "2019.07.17"]
[Round "2"]
[White "Sahinoglu, Hakan"]
[Black "Guner, Sati Emre"]
[Result "1/2-1/2"]
[WhiteElo "1844"]
[BlackElo "1912"]
[Annotator "NA"]
[PlyCount "111"]
[EventDate "2019.07.16"]
[EventType "team-tourn"]
[EventCountry "TUR"]
[SourceTitle "playchess.com"]
[Source "ChessBase"]
[SourceQuality "1"]
[TimeControl "5400+30"]

1. d4 {[%emt 0:00:30]} d5 {[%emt 0:00:30]} 2. Nf3 {[%emt 0:00:30]} Nf6 {[%emt 0:00:30]} 3. c4 {[%emt 0:00:00]} c6 {[%emt 0:00:00]} 4. g3 {[%emt 0:00:00]} g6 {[%emt 0:00:00]} 5. Bg2 {[%emt 0:00:30]} Bg7 {[%emt 0:00:30]} 6. O-O {[%emt 0:00:30]} dxc4 {[%emt 0:00:30]} 7. Nbd2 {[%emt 0:00:30]} O-O {[%emt 0:05:30]} 8. Nxc4 {[%emt 0:00:30]} Be6 {[%emt 0:00:30]} 9. Nce5 {[%emt 0:04:30]} Bd5 {[%emt 0:01:30]} 10. Qc2 {[%emt 0:04:30]} Na6 {[%emt 0:04:30]} 11. a3 {[%emt 0:01:30]} Nc7 {[%emt 0:04:30]} 12. Rd1 {[%emt 0:01:30]} Ne6 {[%emt 0:02:30]} 13. b4 {[%emt 0:03:30]} Qb6 {[%emt 0:05:30]} 14. Bb2 {[%emt 0:02:30]} Rfd8 {[%emt 0:05:30]} 15. Bh3 {[%emt 0:07:30]} Nc7 {[%emt 0:21:30]} 16. Nc4 {[%emt 0:24:30]} Bxc4 {[%emt 0:05:30]} 17. Qxc4 {[%emt 0:00:00]} a5 {[%emt 0:02:30]} 18. Ne5 $11 {[%emt 0:07:00]} e6 {[%emt 0:00:00]} 19. Bc3 {[%emt 0:09:30]} axb4 {[%emt 0:07:00]} 20. Bxb4 {[%emt 0:00:30]} Nfd5 {[%emt 0:04:30]} 21. Be1 {[%emt 0:01:30]} Nb5 {[%emt 0:08:03]} 22. e3 {[%emt 0:11:56]} Nxa3 {[%emt 0:03:07]} 23. Qd3 {[%emt 0:01:29]} Bxe5 {[%emt 0:02:36]} 24. Rxa3 {[%emt 0:01:36]} Rxa3 {[%emt 0:00:47]} 25. Qxa3 {[%emt 0:00:30]} Bd6 {[%emt 0:00:00]} 26. Qa4 {[%emt 0:00:44]} Qb2 {[%emt 0:02:44]} 27. Bf1 {[%emt 0:01:16]} Nc3 {[%emt 0:03:01]} 28. Qa5 {[%emt 0:01:40]} Nxd1 {[%emt 0:00:30]} 29. Qxd8+ {[%emt 0:00:30]} Bf8 {[%emt 0:00:00]} 30. Qf6 {[%emt 0:04:35]} Nc3 {[%emt 0:02:50]} 31. h4 {[%emt 0:02:04]} c5 {[%emt 0:01:35]} 32. h5 {[%emt 0:01:19]} Nd5 {[%emt 0:02:02]} 33. Qh4 {[%emt 0:02:32]} cxd4 {[%emt 0:00:13]} 34. exd4 {[%emt 0:00:42]} Qc1 {[%emt 0:00:37]} 35. hxg6 {[%emt 0:00:54]} hxg6 {[%emt 0:00:08]} 36. Qe4 {[%emt 0:00:52]} Bg7 {[%emt 0:00:23]} 37. Bh3 {[%emt 0:02:32]} Nc3 {[%emt 0:03:21]} 38. Qe3 {[%emt 0:00:30]} Qxe3 {[%emt 0:00:30]} 39. fxe3 {[%emt 0:00:00]} Nd1 {[%emt 0:00:00]} 40. Bf2 {[%emt 0:01:10]} Bh6 {[%emt 0:00:00]} 41. e4 {[%emt 0:00:03]} Be3 {[%emt 0:00:04]} 42. Bxe3 {[%emt 0:00:06]} Nxe3 {[%emt 0:00:05]} 43. Kf2 {[%emt 0:00:55]} Nc4 {[%emt 0:00:30]} 44. Bf1 {[%emt 0:00:30]} Nd6 {[%emt 0:00:30]} 45. Ke3 {[%emt 0:00:00]} Kf8 {[%emt 0:00:00]} 46. g4 {[%emt 0:01:21]} Ke7 {[%emt 0:00:13]} 47. e5 {[%emt 0:00:33]} Ne8 {[%emt 0:00:30]} 48. Bg2 {[%emt 0:00:00]} b6 {[%emt 0:00:11]} 49. d5 {[%emt 0:00:18]} exd5 {[%emt 0:00:30]} 50. Bxd5 {[%emt 0:00:00]} Nc7 {[%emt 0:00:00]} 51. Ba2 {[%emt 0:00:04]} Ne6 {[%emt 0:00:00]} 52. Ke4 {[%emt 0:00:49]} f6 {[%emt 0:01:16]} 53. exf6+ {[%emt 0:01:11]} Kxf6 {[%emt 0:00:05]} 54. Kd5 {[%emt 0:00:21]} Nf4+ {[%emt 0:00:51]} 55. Kc6 {[%emt 0:00:39]} Kg5 {[%emt 0:00:30]} 56. Bf7 {[%emt 0:00:15]} 1/2-1/2

[Event "Turkish Club Cup 2019"]
[Site "Konya"]
[Date "2019.07.17"]
[Round "2"]
[White "Yorgun, Yaren Naz"]
[Black "Aslan, Rengin"]
[Result "1-0"]
[WhiteElo "1819"]
[BlackElo "1338"]
[Annotator "NA"]
[PlyCount "91"]
[EventDate "2019.07.16"]
[EventType "team-tourn"]
[EventCountry "TUR"]
[SourceTitle "playchess.com"]
[Source "ChessBase"]
[SourceQuality "1"]
[TimeControl "5400+30"]

1. e4 {[%emt 0:00:30]} e5 {[%emt 0:00:30]} 2. Nf3 {[%emt 0:00:30]} Nc6 {[%emt 0:00:30]} 3. Bc4 {[%emt 0:00:30]} Bc5 {[%emt 0:00:00]} 4. c3 {[%emt 0:00:00]} Nf6 {[%emt 0:00:00]} 5. d4 {[%emt 0:03:00]} exd4 {[%emt 0:00:30]} 6. e5 {[%emt 0:00:30]} d5 {[%emt 0:01:30]} 7. Bb5 {[%emt 0:00:30]} Ne4 {[%emt 0:01:30]} 8. cxd4 {[%emt 0:00:30]} Bb6 {[%emt 0:00:30]} 9. Nc3 {[%emt 0:00:30]} O-O {[%emt 0:01:30]} 10. Be3 {[%emt 0:00:30]} Bg4 {[%emt 0:00:30]} 11. h3 {[%emt 0:00:30]} Bh5 {[%emt 0:00:30]} 12. Qc2 {[%emt 0:23:30]} Bg6 {[%emt 0:13:30]} 13. Qb3 {[%emt 0:20:30]} Ba5 {[%emt 0:11:30]} 14. O-O {[%emt 0:03:30]} Bxc3 {[%emt 0:01:30]} 15. bxc3 {[%emt 0:03:30]} Ne7 {[%emt 0:09:30]} 16. Bg5 {[%emt 0:18:30]} c6 {[%emt 0:05:30]} 17. Be2 {[%emt 0:00:30]} Qd7 {[%emt 0:03:30]} 18. Bxe7 {[%emt 0:10:17]} Qxe7 {[%emt 0:01:30]} 19. a4 {[%emt 0:00:14]} f6 {[%emt 0:00:00]} 20. c4 {[%emt 0:04:06]} Rad8 {[%emt 0:11:00]} 21. Rad1 {[%emt 0:04:25]} Kh8 {[%emt 0:05:30]} 22. c5 {[%emt 0:01:48]} Bh5 {[%emt 0:04:30]} 23. Qe3 {[%emt 0:01:54]} Bxf3 {[%emt 0:03:30]} 24. Bxf3 {[%emt 0:00:13]} fxe5 {[%emt 0:01:30]} 25. Bxe4 {[%emt 0:00:17]} dxe4 {[%emt 0:00:30]} 26. Qxe4 {[%emt 0:00:22]} Rde8 {[%emt 0:07:05]} 27. Rde1 {[%emt 0:01:09]} Rf4 {[%emt 0:02:40]} 28. Qxf4 {[%emt 0:01:09]} exf4 {[%emt 0:00:26]} 29. Rxe7 {[%emt 0:00:30]} Rxe7 {[%emt 0:00:02]} 30. Rb1 {[%emt 0:00:30]} Kg8 {[%emt 0:00:54]} 31. g3 {[%emt 0:00:14]} f3 {[%emt 0:01:43]} 32. g4 {[%emt 0:00:17]} Kf8 {[%emt 0:02:05]} 33. Kh2 {[%emt 0:00:02]} Rf7 {[%emt 0:01:30]} 34. Kg3 {[%emt 0:00:04]} h6 {[%emt 0:00:42]} 35. Rb3 {[%emt 0:00:16]} g6 {[%emt 0:01:24]} 36. Rxf3 {[%emt 0:00:01]} Rxf3+ {[%emt 0:00:28]} 37. Kxf3 {[%emt 0:00:30]} Ke7 {[%emt 0:00:30]} 38. Ke4 {[%emt 0:00:00]} Ke6 {[%emt 0:00:00]} 39. f4 {[%emt 0:00:53]} h5 {[%emt 0:00:51]} 40. a5 {[%emt 0:00:43]} a6 {[%emt 0:00:56]} 41. gxh5 {[%emt 0:00:25]} gxh5 {[%emt 0:00:28]} 42. f5+ {[%emt 0:01:01]} Kf6 {[%emt 0:00:30]} 43. Kf4 {[%emt 0:00:00]} h4 {[%emt 0:00:08]} 44. Kg4 {[%emt 0:00:00]} Kf7 {[%emt 0:00:26]} 45. Kxh4 {[%emt 0:00:00]} Kf6 {[%emt 0:03:26]} 46. Kg4 {[%emt 0:00:17]} 1-0

[Event "Turkish Club Cup 2019"]
[Site "Konya"]
[Date "2019.07.17"]
[Round "2"]
[White "Gundogan, Sinem Cagla"]
[Black "Hanci, Ilker"]
[Result "0-1"]
[WhiteElo "1806"]
[BlackElo "1577"]
[Annotator "NA"]
[PlyCount "150"]
[EventDate "2019.07.16"]
[EventType "team-tourn"]
[EventCountry "TUR"]
[SourceTitle "playchess.com"]
[Source "ChessBase"]
[SourceQuality "1"]
[TimeControl "5400+30"]

1. e4 {[%emt 0:00:30]} Nc6 {[%emt 0:00:30]} 2. Nf3 {[%emt 0:00:30]} e5 {[%emt 0:00:30]} 3. Bc4 {[%emt 0:00:00]} Nf6 {[%emt 0:00:00]} 4. d3 {[%emt 0:00:00]} Be7 {[%emt 0:00:00]} 5. O-O {[%emt 0:00:00]} O-O {[%emt 0:00:30]} 6. Re1 {[%emt 0:00:00]} d6 {[%emt 0:00:00]} 7. a4 {[%emt 0:00:30]} Na5 {[%emt 0:01:00]} 8. Ba2 {[%emt 0:01:30]} c5 {[%emt 0:00:30]} 9. c3 {[%emt 0:02:30]} Qc7 {[%emt 0:02:30]} 10. Na3 {[%emt 0:11:30]} Bg4 {[%emt 0:08:30]} 11. h3 {[%emt 0:04:30]} Bh5 {[%emt 0:00:30]} 12. Nc4 {[%emt 0:00:30]} Nc6 {[%emt 0:05:30]} 13. Ne3 {[%emt 0:00:30]} Rfe8 {[%emt 0:05:30]} 14. g4 {[%emt 0:21:30]} Bg6 {[%emt 0:02:30]} 15. Nh4 {[%emt 0:00:30]} Bf8 {[%emt 0:11:30]} 16. Qf3 {[%emt 0:09:30]} Kh8 {[%emt 0:19:30]} 17. Nhf5 {[%emt 0:05:30]} Nd8 {[%emt 0:08:30]} 18. h4 {[%emt 0:07:30]} Ne6 {[%emt 0:11:30]} 19. h5 {[%emt 0:07:30]} Bxf5 {[%emt 0:04:03]} 20. Nxf5 {[%emt 0:00:30]} Qd8 {[%emt 0:03:11]} 21. g5 {[%emt 0:07:33]} Ng8 {[%emt 0:05:00]} 22. Qg3 {[%emt 0:06:41]} Rb8 {[%emt 0:02:35]} 23. Kg2 {[%emt 0:03:47]} b5 {[%emt 0:01:35]} 24. axb5 {[%emt 0:00:42]} Rxb5 {[%emt 0:00:13]} 25. Bd5 {[%emt 0:04:07]} Qc7 {[%emt 0:02:29]} 26. Rh1 {[%emt 0:01:02]} Ne7 {[%emt 0:01:15]} 27. Nxe7 {[%emt 0:01:05]} Rxe7 {[%emt 0:00:39]} 28. g6 {[%emt 0:00:54]} h6 {[%emt 0:00:58]} 29. gxf7 {[%emt 0:00:20]} Nf4+ {[%emt 0:01:47]} 30. Bxf4 {[%emt 0:00:37]} exf4 {[%emt 0:00:13]} 31. Qxf4 {[%emt 0:01:00]} Rxb2 {[%emt 0:00:30]} 32. Ra6 {[%emt 0:01:39]} Re5 {[%emt 0:00:44]} 33. Ra2 {[%emt 0:01:24]} Rg5+ {[%emt 0:00:50]} 34. Kf3 {[%emt 0:00:10]} Rxa2 {[%emt 0:00:56]} 35. Bxa2 {[%emt 0:00:06]} Qa5 {[%emt 0:00:52]} 36. Qd2 {[%emt 0:00:05]} Qd8 {[%emt 0:00:10]} 37. Bd5 {[%emt 0:01:26]} Qf6+ {[%emt 0:00:43]} 38. Ke2 {[%emt 0:00:07]} Rg2 {[%emt 0:00:29]} 39. Kf1 {[%emt 0:00:25]} Qf3 {[%emt 0:00:29]} 40. Rh4 {[%emt 0:00:40]} Rg5 {[%emt 0:00:46]} 41. Rf4 {[%emt 0:00:56]} Qxh5 {[%emt 0:00:26]} 42. Qe3 {[%emt 0:00:34]} Qh1+ {[%emt 0:00:41]} 43. Ke2 {[%emt 0:00:05]} Qa1 {[%emt 0:00:04]} 44. Qd2 {[%emt 0:00:37]} Rg1 {[%emt 0:00:42]} 45. Rf3 {[%emt 0:00:22]} Rb1 {[%emt 0:00:08]} 46. Rg3 {[%emt 0:01:25]} Rb2 {[%emt 0:00:17]} 47. Rg6 {[%emt 0:00:00]} Rxd2+ {[%emt 0:00:42]} 48. Kxd2 {[%emt 0:00:29]} Qb2+ {[%emt 0:00:30]} 49. Ke3 {[%emt 0:00:30]} Qxc3 {[%emt 0:00:30]} 50. Re6 {[%emt 0:00:00]} Qc1+ {[%emt 0:00:33]} 51. Ke2 {[%emt 0:00:00]} Qc2+ {[%emt 0:00:57]} 52. Ke3 {[%emt 0:00:00]} Qc1+ {[%emt 0:00:19]} 53. Ke2 {[%emt 0:00:00]} Qb2+ {[%emt 0:00:59]} 54. Ke3 {[%emt 0:00:00]} Qd4+ {[%emt 0:00:00]} 55. Ke2 {[%emt 0:00:00]} Qb2+ {[%emt 0:00:32]} 56. Ke3 {[%emt 0:00:00]} g5 {[%emt 0:01:00]} 57. Rg6 {[%emt 0:00:00]} Bg7 {[%emt 0:00:21]} 58. f8=Q+ {[%emt 0:00:06]} Bxf8 {[%emt 0:00:23]} 59. Rg8+ {[%emt 0:00:30]} Kh7 {[%emt 0:00:30]} 60. Rxf8 {[%emt 0:00:00]} Qd4+ {[%emt 0:00:00]} 61. Ke2 {[%emt 0:00:00]} a5 {[%emt 0:00:40]} 62. Rd8 {[%emt 0:01:34]} Qe5 {[%emt 0:01:07]} 63. Ra8 {[%emt 0:00:06]} Qb2+ {[%emt 0:00:23]} 64. Ke3 {[%emt 0:00:12]} Qc1+ {[%emt 0:00:11]} 65. Ke2 {[%emt 0:00:06]} a4 {[%emt 0:00:19]} 66. Bc4 {[%emt 0:01:05]} Qb2+ {[%emt 0:01:02]} 67. Kf3 {[%emt 0:00:21]} a3 {[%emt 0:00:06]} 68. Ra7+ {[%emt 0:00:36]} Kg6 {[%emt 0:00:52]} 69. Ra6 {[%emt 0:00:12]} Qf6+ {[%emt 0:00:16]} 70. Kg2 {[%emt 0:00:16]} Qf4 {[%emt 0:00:27]} 71. Rxa3 {[%emt 0:01:22]} Kh5 {[%emt 0:00:30]} 72. Be6 {[%emt 0:00:39]} g4 {[%emt 0:00:28]} 73. Bf5 {[%emt 0:00:46]} Qf3+ {[%emt 0:00:53]} 74. Kg1 {[%emt 0:00:30]} Kh4 {[%emt 0:00:00]} 75. Kf1 {[%emt 0:00:54]} g3 {[%emt 0:00:08]} 0-1

[Event "Turkish Club Cup 2019"]
[Site "Konya"]
[Date "2019.07.17"]
[Round "2"]
[White "Temel, Burcu Melis"]
[Black "Kilic, Gulseren"]
[Result "1-0"]
[WhiteElo "1790"]
[BlackElo "1422"]
[Annotator "NA"]
[PlyCount "53"]
[EventDate "2019.07.16"]
[EventType "team-tourn"]
[EventCountry "TUR"]
[SourceTitle "playchess.com"]
[Source "ChessBase"]
[SourceQuality "1"]
[TimeControl "5400+30"]

1. e4 {[%emt 0:00:30]} c5 {[%emt 0:00:30]} 2. Nf3 {[%emt 0:00:30]} g6 {[%emt 0:00:00]} 3. d3 {[%emt 0:01:30]} Bg7 {[%emt 0:01:00]} 4. g3 {[%emt 0:00:30]} Nc6 {[%emt 0:00:30]} 5. Bg2 {[%emt 0:00:30]} Nf6 {[%emt 0:00:30]} 6. O-O {[%emt 0:00:00]} O-O {[%emt 0:00:00]} 7. Re1 {[%emt 0:01:00]} Re8 {[%emt 0:01:00]} 8. e5 {[%emt 0:11:30]} Ng4 {[%emt 0:13:30]} 9. Bf4 {[%emt 0:00:30]} f6 {[%emt 0:01:30]} 10. exf6 {[%emt 0:02:30]} Nxf6 {[%emt 0:05:30]} 11. Nc3 {[%emt 0:01:30]} a6 {[%emt 0:01:30]} 12. Qd2 {[%emt 0:06:30]} d5 {[%emt 0:01:30]} 13. Na4 {[%emt 0:07:30]} Nd7 {[%emt 0:03:30]} 14. Ng5 {[%emt 0:01:30]} Nf8 {[%emt 0:11:30]} 15. Nc3 {[%emt 0:13:30]} e6 {[%emt 0:04:30]} 16. Nxd5 {[%emt 0:06:30]} exd5 {[%emt 0:06:30]} 17. Rxe8 {[%emt 0:01:30]} Qxe8 {[%emt 0:02:30]} 18. Bxd5+ {[%emt 0:00:00]} Be6 {[%emt 0:11:30]} 19. Nxe6 {[%emt 0:00:00]} Nxe6 {[%emt 0:00:30]} 20. Re1 {[%emt 0:00:30]} Ncd8 {[%emt 0:02:30]} 21. Qe2 {[%emt 0:00:00]} Kf7 {[%emt 0:00:30]} 22. Bc7 {[%emt 0:01:00]} Qd7 {[%emt 0:01:30]} 23. Qf3+ {[%emt 0:00:30]} Ke8 {[%emt 0:04:30]} 24. Bxd8 {[%emt 0:00:30]} Kxd8 {[%emt 0:02:30]} 25. Rxe6 {[%emt 0:01:30]} Rc8 {[%emt 0:05:31]} 26. Qf4 {[%emt 0:07:30]} Bh6 {[%emt 0:06:53]} 27. Qf6+ {[%emt 0:00:30]} 1-0

[Event "Turkish Club Cup 2019"]
[Site "Konya"]
[Date "2019.07.17"]
[Round "2"]
[White "Dogan, Osman Fatih"]
[Black "Kul, Ozdemir Efe"]
[Result "1/2-1/2"]
[WhiteElo "1787"]
[BlackElo "1974"]
[Annotator "NA"]
[PlyCount "102"]
[EventDate "2019.07.16"]
[EventType "team-tourn"]
[EventCountry "TUR"]
[SourceTitle "playchess.com"]
[Source "ChessBase"]
[SourceQuality "1"]
[TimeControl "5400+30"]

1. e4 {[%emt 0:00:30]} c5 {[%emt 0:00:30]} 2. Nc3 {[%emt 0:00:00]} Nc6 {[%emt 0:00:30]} 3. Bb5 {[%emt 0:00:00]} e5 {[%emt 0:00:30]} 4. d3 {[%emt 0:00:30]} (4. Nge2 Bd6 5. a3 Nge7 6. Bc4 a6 7. O-O b5 8. Ba2 O-O 9. d3 Nd4 10. f4 Nxe2+ 11. Qxe2 exf4 {1-0 (39) Asis Gargatagli,H (2529)-Fluvia Poyatos,J (2493) Barcelona 2018}) 4... Nge7 {[%emt 0:00:30]} 5. f4 {[%emt 0:02:30]} d6 {[%emt 0:03:30]} 6. Nf3 {[%emt 0:08:30] B23: Closed Sicilian: Lines without g3} a6 {[%emt 0:06:30]} 7. Bxc6+ $146 {[%emt 0:02:30]} ({Predecessor:} 7. Ba4 b5 8. Bb3 Qb6 9. Bd2 Ng6 10. Nd5 Qa7 11. c3 Be7 {1-0 (53) Marney,J (1620)-Cook,J (1656) Wellington 2012}) 7... Nxc6 {[%emt 0:00:30]} 8. O-O {[%emt 0:00:30]} h6 {[%emt 0:01:30]} 9. Nd5 {[%emt 0:00:30]} exf4 {[%emt 0:18:30]} 10. Bxf4 {[%emt 0:00:30]} g5 {[%emt 0:00:30]} 11. Bg3 {[%emt 0:06:30]} Bg7 {[%emt 0:00:00]} 12. Nd2 {[%emt 0:01:30]} b5 {[%emt 0:04:00]} 13. a4 {[%emt 0:24:30]} Rb8 {[%emt 0:02:30]} 14. axb5 {[%emt 0:00:30]} axb5 {[%emt 0:03:30]} 15. c4 {[%emt 0:04:30]} O-O {[%emt 0:07:30]} 16. cxb5 {[%emt 0:00:30]} Ne5 {[%emt 0:01:30]} 17. Qb3 {[%emt 0:02:30]} Bd7 {[%emt 0:07:30]} 18. Nc3 {[%emt 0:03:30]} Nxd3 {[%emt 0:04:30]} 19. Qd5 {[%emt 0:08:30]} Nxb2 {[%emt 0:05:30]} 20. Qb3 {[%emt 0:05:30]} Nd3 {[%emt 0:00:30]} 21. Ra6 {[%emt 0:03:30]} Be6 $11 {[%emt 0:03:30]} (21... c4 $5 22. Qxc4 Rc8 23. Qxd3 Rxc3 $15) 22. Nd5 {[%emt 0:00:30]} Ne5 {[%emt 0:00:30]} 23. Nc4 {[%emt 0:00:30]} Bxd5 {[%emt 0:01:30]} 24. exd5 {[%emt 0:00:00]} Nxc4 {[%emt 0:00:30]} 25. Qxc4 {[%emt 0:00:00]} Rb6 {[%emt 0:00:30]} 26. Re1 {[%emt 0:03:30]} Qc7 {[%emt 0:03:30]} 27. h3 {[%emt 0:02:23]} Rfb8 {[%emt 0:00:30]} 28. Qa4 {[%emt 0:03:01]} Qd7 {[%emt 0:02:30]} 29. Kh1 {[%emt 0:03:29]} Bf8 {[%emt 0:01:30]} 30. Rxb6 {[%emt 0:01:02]} Rxb6 {[%emt 0:00:00]} 31. Qa8 {[%emt 0:01:04]} Qb7 {[%emt 0:00:00]} 32. Qd8 {[%emt 0:00:30]} Qb8 {[%emt 0:00:30]} 33. Qd7 {[%emt 0:00:30]} Rb7 {[%emt 0:00:30]} 34. Qc6 {[%emt 0:04:50]} Rb6 {[%emt 0:16:00]} 35. Re8 {[%emt 0:00:30]} Qa7 {[%emt 0:01:07]} 36. Bxd6 {[%emt 0:06:56]} Rxc6 {[%emt 0:00:59]} 37. dxc6 {[%emt 0:00:06]} Qa1+ {[%emt 0:02:27]} 38. Kh2 {[%emt 0:00:08]} Qf6 {[%emt 0:00:35]} 39. Bg3 {[%emt 0:00:54]} h5 {[%emt 0:00:34]} 40. c7 {[%emt 0:00:11]} Kh7 {[%emt 0:01:04]} 41. c8=Q {[%emt 0:00:38]} h4 {[%emt 0:01:13]} 42. Be5 {[%emt 0:00:10]} Bd6 {[%emt 0:00:11]} 43. Rh8+ {[%emt 0:01:47]} Kg6 {[%emt 0:00:33]} 44. Rg8+ {[%emt 0:01:11]} Kh7 {[%emt 0:00:25]} 45. Rh8+ {[%emt 0:01:00]} Kg6 {[%emt 0:00:13]} 46. Qg8+ {[%emt 0:00:00]} Kf5 {[%emt 0:00:05]} 47. Bxd6 {[%emt 0:00:01]} Qxd6+ {[%emt 0:00:07]} 48. Kg1 {[%emt 0:01:03]} Qd1+ {[%emt 0:00:13]} 49. Kh2 {[%emt 0:00:36]} Qd6+ {[%emt 0:00:05]} 50. Kg1 {[%emt 0:00:38]} Qd1+ {[%emt 0:00:05]} 51. Kf2 {[%emt 0:00:35]} Qd2+ {[%emt 0:00:06]} 1/2-1/2